[Event "CZE-chT2C 2223"]
[Site "Czech Republic"]
[Date "2023.02.19"]
[Round "9.8"]
[White "Duran, Tomas"]
[Black "Novak, Jan"]
[Result "1-0"]
[WhiteElo "2123"]
[BlackElo "1997"]
[PlyCount "49"]
[EventDate "2022.10.16"]
[EventType "team-tourn"]
[EventRounds "11"]
[EventCountry "CZE"]
[SourceTitle "EXT 2024"]
[Source "ChessBase"]
[SourceDate "2023.10.10"]
[SourceVersion "1"]
[SourceVersionDate "2023.10.10"]
[SourceQuality "1"]
[WhiteTeam "Turnov Zikuda II"]
[BlackTeam "Liberec"]
[WhiteTeamCountry "CZE"]
[BlackTeamCountry "CZE"]

1. e4 e6 2. d4 d5 3. e5 c5 4. c3 Nc6 5. Nf3 Bd7 6. Be2 Nge7 7. Na3 cxd4 8. cxd4 Nf5 9. Nc2 Be7 10. a3 0-0 11. b4 Rc8 12. 0-0 a6 13. Bd3 Qb6 14. g4 Nh6 15. Bxh6 gxh6 16. Qd2 Kg7 17. Kh1 f6 18. exf6+ Rxf6 19. Qe3 Rcf8 20. Ne5 Qd8 21. g5 hxg5 22. Qxg5+ Rg6 23. Qh5 Nxe5 24. dxe5 Rh6 25. Rg1+ 1-0

[Event "Liberec Region-chT 2223"]
[Site "Czech Republic"]
[Date "2023.02.12"]
[Round "8.1"]
[White "Duran, Tomas"]
[Black "Buchcar, Tomas"]
[Result "1/2-1/2"]
[WhiteElo "2125"]
[BlackElo "2156"]
[PlyCount "47"]
[EventDate "2022.10.09"]
[EventType "team-tourn"]
[EventRounds "11"]
[EventCountry "CZE"]
[SourceTitle "EXT 2024"]
[Source "ChessBase"]
[SourceDate "2023.10.10"]
[SourceVersion "1"]
[SourceVersionDate "2023.10.10"]
[SourceQuality "1"]

1. e4 c6 2. d4 d5 3. Nc3 dxe4 4. Nxe4 Nf6 5. Nxf6+ exf6 6. Nf3 Bd6 7. Bd3 0-0 8. 0-0 Bg4 9. c3 Nd7 10. Bc2 Re8 11. Qd3 Nf8 12. b3 Qd7 13. h3 Be6 14. Bd2 Rad8 15. Rad1 Bb8 16. c4 Ng6 17. Rfe1 Qd6 18. Bc1 Kf8 19. Kf1 Qb4 20. Qd2 Qd6 21. Qd3 Bc7 22. Bd2 a6 23. a4 Bb8 24. Ba5 1/2-1/2

[Event "Pardubice Czech op-E 33rd"]
[Site "Pardubice"]
[Date "2022.07.16"]
[Round "5.2"]
[White "Duran, Tomas"]
[Black "Virostko, Petr"]
[Result "1/2-1/2"]
[WhiteElo "2108"]
[BlackElo "2326"]
[PlyCount "84"]
[EventDate "2022.07.14"]
[EventType "team-swiss"]
[EventRounds "7"]
[EventCountry "CZE"]
[SourceTitle "CBM 209 Extra"]
[Source "ChessBase"]
[SourceDate "2022.09.30"]
[SourceVersion "1"]
[SourceVersionDate "2022.09.30"]
[SourceQuality "1"]
[WhiteTeam "Turnov Zikuda III"]
[BlackTeam "Beskydy Chess School S"]
[WhiteTeamCountry "CZE"]
[BlackTeamCountry "CZE"]

1. e4 c5 2. Nf3 e6 3. c3 d5 4. exd5 exd5 5. d4 Nc6 6. Be2 Bd6 7. 0-0 Nge7 8. dxc5 Bxc5 9. Nbd2 0-0 10. Nb3 Bb6 11. Nbd4 Bg4 12. Be3 Re8 13. Re1 Ng6 14. h3 Bxf3 15. Bxf3 Nh4 16. Nc2 Nxf3+ 17. Qxf3 Ne5 18. Qg3 Nc4 19. Bg5 Rxe1+ 20. Rxe1 f6 21. Bc1 Qd7 22. b3 Nd6 23. Qd3 Qf5 24. Qxf5 Nxf5 25. Ne3 Re8 26. Kf1 Nxe3+ 27. Bxe3 Bxe3 28. fxe3 Rc8 29. Rc1 Kf7 30. Ke2 Ke6 31. Kd3 Ke5 32. Rf1 Rc6 33. Rf4 Rc7 34. Rd4 f5 35. Rh4 g6 36. Rb4 g5 37. h4 h6 38. a4 f4 39. hxg5 hxg5 40. exf4+ gxf4 41. g3 fxg3 42. Rg4 Rh7 1/2-1/2

[Event "Pardubice Czech op-E 31st"]
[Site "Pardubice"]
[Date "2020.09.19"]
[Round "4.4"]
[White "Duran, Tomas"]
[Black "Hrdina, Robin"]
[Result "1/2-1/2"]
[WhiteElo "2141"]
[BlackElo "2197"]
[PlyCount "29"]
[EventDate "2020.09.17"]
[EventType "team-swiss"]
[EventRounds "7"]
[EventCountry "CZE"]
[SourceTitle "CBM 198 Extra"]
[Source "ChessBase"]
[SourceDate "2020.11.30"]
[SourceVersion "1"]
[SourceVersionDate "2020.11.30"]
[SourceQuality "1"]
[WhiteTeam "Turnov Zikuda II"]
[BlackTeam "Vlasim Anytrade"]
[WhiteTeamCountry "CZE"]
[BlackTeamCountry "CZE"]

1. e4 c5 2. Nf3 e6 3. c3 Nf6 4. e5 Nd5 5. d4 cxd4 6. cxd4 b6 7. Nc3 Bb7 8. Be2 Nxc3 9. bxc3 Qc7 10. Bd2 Be7 11. 0-0 0-0 12. Rc1 d6 13. Bd3 Nd7 14. Bf4 dxe5 15. Nxe5 1/2-1/2

[Event "CZE-chT2C 1920"]
[Site "Czech Republic"]
[Date "2020.06.28"]
[Round "11.6"]
[White "Turkova, Karolina"]
[Black "Duran, Tomas"]
[Result "0-1"]
[WhiteElo "1968"]
[BlackElo "2145"]
[PlyCount "82"]
[EventDate "2019.10.13"]
[EventType "team-tourn"]
[EventRounds "11"]
[EventCountry "CZE"]
[SourceTitle "EXT 2024"]
[Source "ChessBase"]
[SourceDate "2023.10.10"]
[SourceVersion "1"]
[SourceVersionDate "2023.10.10"]
[SourceQuality "1"]
[WhiteTeam "Kobylisy II"]
[BlackTeam "Turnov Zikuda III"]
[WhiteTeamCountry "CZE"]
[BlackTeamCountry "CZE"]

1. e4 d6 2. d4 Nf6 3. Nc3 e5 4. Nf3 Nbd7 5. Bc4 Be7 6. a4 0-0 7. 0-0 c6 8. Re1 b6 9. h3 a6 10. Be3 Rb8 11. Bd3 Qc7 12. Ne2 Re8 13. Ng3 Bf8 14. c3 b5 15. axb5 axb5 16. Qc2 c5 17. d5 c4 18. Be2 Nc5 19. Nd2 Bd7 20. Bg5 Be7 21. Be3 Rec8 22. Ra3 Ra8 23. Bxc5 Qxc5 24. Rea1 Rxa3 25. Rxa3 Bd8 26. Ndf1 g6 27. Qc1 Kg7 28. Ne3 h6 29. Qd1 Bb6 30. Qa1 Qc7 31. Qc1 Bc5 32. Ra1 Qb6 33. Nd1 Rf8 34. Bf3 Nh7 35. Nf1 Ng5 36. Nh2 f5 37. exf5 Bxf5 38. h4 Nxf3+ 39. gxf3 Qd8 40. Ne3 Qxh4 41. Nhg4 Bxg4 0-1

[Event "CZE-chT1W 1920"]
[Site "Czech Republic"]
[Date "2019.12.08"]
[Round "4.4"]
[White "Gloser, David"]
[Black "Duran, Tomas"]
[Result "1-0"]
[WhiteElo "1998"]
[BlackElo "2135"]
[PlyCount "63"]
[EventDate "2019.10.20"]
[EventType "team-tourn"]
[EventRounds "11"]
[EventCountry "CZE"]
[SourceTitle "CBM 193 Extra"]
[Source "ChessBase"]
[SourceDate "2020.01.31"]
[SourceVersion "1"]
[SourceVersionDate "2020.01.31"]
[SourceQuality "1"]
[WhiteTeam "Polabiny II"]
[BlackTeam "Turnov Zikuda II"]
[WhiteTeamCountry "CZE"]
[BlackTeamCountry "CZE"]

1. e4 d6 2. d4 Nf6 3. Nc3 e5 4. Nf3 Nbd7 5. g4 g6 6. g5 Nh5 7. Be3 Bg7 8. Qd2 0-0 9. 0-0-0 f5 10. dxe5 fxe4 11. Qd5+ Kh8 12. Qxe4 Nxe5 13. Nh4 Ng4 14. Bd3 Qe8 15. Qxe8 Rxe8 16. Nd5 Nxe3 17. fxe3 Re5 18. Nxc7 Rb8 19. Nb5 Rxg5 20. Nxd6 Be6 21. Nf3 Ra5 22. a3 Bg4 23. Be2 Nf6 24. h3 Bxf3 25. Bxf3 b5 26. c3 Ra6 27. Kc2 Rab6 28. e4 Ne8 29. e5 Bf8 30. Nf7+ Kg7 31. Rd7 Bc5 32. Ng5+ 1-0

[Event "CZE-chT2C 1920"]
[Site "Czech Republic"]
[Date "2019.11.03"]
[Round "2.7"]
[White "Duran, Tomas"]
[Black "Nemec, Jachym"]
[Result "1/2-1/2"]
[WhiteElo "2145"]
[BlackElo "1891"]
[PlyCount "97"]
[EventDate "2019.10.13"]
[EventType "team-tourn"]
[EventRounds "11"]
[EventCountry "CZE"]
[SourceTitle "EXT 2024"]
[Source "ChessBase"]
[SourceDate "2023.10.10"]
[SourceVersion "1"]
[SourceVersionDate "2023.10.10"]
[SourceQuality "1"]
[WhiteTeam "Turnov Zikuda III"]
[BlackTeam "Ricany 1925"]
[WhiteTeamCountry "CZE"]
[BlackTeamCountry "CZE"]

1. e4 c5 2. Nf3 d6 3. c3 Nf6 4. Be2 g6 5. 0-0 Bg7 6. d3 0-0 7. h3 Nc6 8. Be3 e5 9. a4 b6 10. Qc2 Bb7 11. Na3 Qe7 12. Rfe1 d5 13. Bg5 dxe4 14. dxe4 h6 15. Be3 Na5 16. Nd2 Ne8 17. Rad1 Nc7 18. Nf1 Rad8 19. Bc1 Ne6 20. Ne3 Nf4 21. Bf1 h5 22. g3 Ne6 23. Nd5 Bxd5 24. exd5 Nc7 25. Bg2 f5 26. b4 Nb7 27. Nc4 Nd6 28. Nxe5 Bxe5 29. f4 Ne4 30. fxe5 Qxe5 31. Bf4 Qg7 32. d6 Ne6 33. Qb3 Qf7 34. Be5 N6g5 35. Qxf7+ Nxf7 36. Bxe4 fxe4 37. Bf6 Rd7 38. Rxe4 Rxd6 39. Rxd6 Nxd6 40. Rf4 Nf5 41. Be5 Re8 42. Bc7 Nxg3 43. Rf6 Kg7 44. Rc6 Ne2+ 45. Kf1 Nxc3 46. bxc5 Nxa4 47. cxb6 axb6 48. Bxb6 Nxb6 49. Rxb6 1/2-1/2

[Event "CZE-chT2B 1718"]
[Site "Czech Republic"]
[Date "2018.02.25"]
[Round "9.8"]
[White "Duran, Tomas"]
[Black "Nadrchal, Tomas"]
[Result "0-1"]
[WhiteElo "2157"]
[BlackElo "2027"]
[PlyCount "40"]
[EventDate "2017.10.15"]
[EventType "team-tourn"]
[EventRounds "11"]
[EventCountry "CZE"]
[SourceTitle "EXT 2022"]
[Source "ChessBase"]
[SourceDate "2021.10.06"]
[SourceVersion "1"]
[SourceVersionDate "2021.10.06"]
[SourceQuality "1"]
[WhiteTeam "Turnov Zikuda II"]
[BlackTeam "Neratovice III"]
[WhiteTeamCountry "CZE"]
[BlackTeamCountry "CZE"]

1. e4 c6 2. d4 d5 3. e5 Bf5 4. Ne2 e6 5. Ng3 Bg6 6. Be2 Ne7 7. c3 c5 8. 0-0 Nbc6 9. Be3 Qb6 10. Qa4 Qxb2 11. Na3 c4 12. Bxc4 dxc4 13. Nxc4 b5 14. Nd6+ Kd7 15. Qa6 Rb8 16. d5 Nxd5 17. Rad1 Bxd6 18. Bxa7 Bxe5 19. Bxb8 Rxb8 20. a4 Bxc3 0-1

[Event "CZE-chT2B 1718"]
[Site "Czech Republic"]
[Date "2017.10.15"]
[Round "1.8"]
[White "Malac, Petr"]
[Black "Duran, Tomas"]
[Result "1/2-1/2"]
[WhiteElo "2009"]
[BlackElo "2157"]
[PlyCount "41"]
[EventDate "2017.10.15"]
[EventType "team-tourn"]
[EventRounds "11"]
[EventCountry "CZE"]
[SourceTitle "EXT 2022"]
[Source "ChessBase"]
[SourceDate "2021.10.06"]
[SourceVersion "1"]
[SourceVersionDate "2021.10.06"]
[SourceQuality "1"]
[WhiteTeam "Mlada Boleslav"]
[BlackTeam "Turnov Zikuda II"]
[WhiteTeamCountry "CZE"]
[BlackTeamCountry "CZE"]

1. e4 d6 2. d4 Nf6 3. Nc3 e5 4. Nf3 Nbd7 5. Bc4 Be7 6. 0-0 0-0 7. Qe2 c6 8. a4 b6 9. d5 cxd5 10. Nxd5 Nxd5 11. Bxd5 Rb8 12. Rd1 Bb7 13. Bxb7 Rxb7 14. b3 Qc7 15. Ba3 Rd8 16. Rd3 Nf8 17. Rad1 Qc6 18. Rd5 Rbd7 19. Nxe5 dxe5 20. Bxe7 Rxd5 21. exd5 1/2-1/2

[Event "CZE-chT2B 1617"]
[Site "Czech Republic"]
[Date "2017.03.19"]
[Round "10.6"]
[White "Kupsovsky, Vaclav"]
[Black "Duran, Tomas"]
[Result "1/2-1/2"]
[WhiteElo "1987"]
[BlackElo "2156"]
[PlyCount "53"]
[EventDate "2016.10.09"]
[EventType "team-tourn"]
[EventRounds "11"]
[EventCountry "CZE"]
[SourceTitle "EXT 2022"]
[Source "ChessBase"]
[SourceDate "2021.10.06"]
[SourceVersion "1"]
[SourceVersionDate "2021.10.06"]
[SourceQuality "1"]
[WhiteTeam "Usti nad Labem"]
[BlackTeam "Turnov Zikuda II"]
[WhiteTeamCountry "CZE"]
[BlackTeamCountry "CZE"]

1. e4 d6 2. d4 Nf6 3. Bd3 e5 4. Nf3 Nbd7 5. 0-0 Be7 6. Re1 0-0 7. c3 c6 8. Nbd2 Re8 9. Nf1 Bf8 10. Ng3 g6 11. h3 h6 12. Be3 Kh7 13. Qb3 Kg7 14. Rad1 Qc7 15. a4 a5 16. Nh4 Rb8 17. f4 b5 18. fxe5 dxe5 19. axb5 exd4 20. Bf2 Nc5 21. Qc4 cxb5 22. Qxd4 Ne6 23. Nhf5+ gxf5 24. Nxf5+ Kg6 25. Nh4+ Kg7 26. Nf5+ Kg6 27. Nh4+ 1/2-1/2

[Event "CZE-chT2B 1617"]
[Site "Czech Republic"]
[Date "2016.10.09"]
[Round "1.7"]
[White "Duran, Tomas"]
[Black "Kudrlicka, Ladislav"]
[Result "1-0"]
[WhiteElo "2156"]
[BlackElo "2058"]
[PlyCount "97"]
[EventDate "2016.10.09"]
[EventType "team-tourn"]
[EventRounds "11"]
[EventCountry "CZE"]
[SourceTitle "EXT 2022"]
[Source "ChessBase"]
[SourceDate "2021.10.06"]
[SourceVersion "1"]
[SourceVersionDate "2021.10.06"]
[SourceQuality "1"]
[WhiteTeam "Turnov Zikuda II"]
[BlackTeam "Teplice"]
[WhiteTeamCountry "CZE"]
[BlackTeamCountry "CZE"]

1. e4 e5 2. f4 Nc6 3. Nf3 d6 4. Bc4 Be7 5. 0-0 Nf6 6. Nc3 0-0 7. d3 Na5 8. Bb5 c6 9. Ba4 b5 10. Bb3 Qc7 11. Kh1 Bd7 12. Bd2 c5 13. Nd5 Nxd5 14. Bxd5 Nc6 15. f5 Qd8 16. Qe1 Rb8 17. c3 b4 18. Qg3 Bf6 19. Qf2 bxc3 20. bxc3 Rb2 21. g4 h6 22. Qe1 Rb8 23. h4 Ne7 24. Bb3 d5 25. exd5 Bc8 26. c4 e4 27. dxe4 Bxa1 28. Qxa1 f6 29. Qc1 Kh7 30. Kg2 Bd7 31. g5 fxg5 32. hxg5 Bxf5 33. exf5 Nxf5 34. Bc2 g6 35. Qa3 Qc8 36. Qd3 Nh4+ 37. Nxh4 Qg4+ 38. Qg3 Qxg3+ 39. Kxg3 Rxf1 40. Bxg6+ Kg8 41. gxh6 Rg1+ 42. Kf2 Rg4 43. h7+ Kg7 44. Bc3+ Kh6 45. h8Q+ Rxh8 46. Bxh8 Rxh4 47. Bd3 Rh2+ 48. Ke3 Kg5 49. Be5 1-0

[Event "CZE-chT2B 1516"]
[Site "Czech Republic"]
[Date "2016.03.13"]
[Round "9.8"]
[White "Duran, Tomas"]
[Black "Pospichal, Michael"]
[Result "1/2-1/2"]
[WhiteElo "2180"]
[BlackElo "1699"]
[PlyCount "26"]
[EventDate "2015.10.18"]
[EventType "team-tourn"]
[EventRounds "11"]
[EventCountry "CZE"]
[SourceTitle "EXT 2022"]
[Source "ChessBase"]
[SourceDate "2021.10.06"]
[SourceVersion "1"]
[SourceVersionDate "2021.10.06"]
[SourceQuality "1"]
[WhiteTeam "Turnov Zikuda II"]
[BlackTeam "Litomerice"]
[WhiteTeamCountry "CZE"]
[BlackTeamCountry "CZE"]

1. e4 d5 2. exd5 Qxd5 3. Nc3 Qd6 4. d4 Nf6 5. Bc4 c6 6. Nge2 Bg4 7. f3 Bf5 8. Bf4 Qd8 9. 0-0 e6 10. Ng3 Bxc2 11. Qe2 Bg6 12. Rfe1 Be7 13. Rad1 0-0 1/2-1/2

[Event "CZE-chT2B 1516"]
[Site "Czech Republic"]
[Date "2016.02.21"]
[Round "8.6"]
[White "Kozel, Miroslav"]
[Black "Duran, Tomas"]
[Result "0-1"]
[WhiteElo "1846"]
[BlackElo "2180"]
[PlyCount "96"]
[EventDate "2015.10.18"]
[EventType "team-tourn"]
[EventRounds "11"]
[EventCountry "CZE"]
[SourceTitle "EXT 2022"]
[Source "ChessBase"]
[SourceDate "2021.10.06"]
[SourceVersion "1"]
[SourceVersionDate "2021.10.06"]
[SourceQuality "1"]
[WhiteTeam "Unichess II"]
[BlackTeam "Turnov Zikuda II"]
[WhiteTeamCountry "CZE"]
[BlackTeamCountry "CZE"]

1. e4 d6 2. Nc3 Nf6 3. Bc4 g6 4. Nge2 Bg7 5. d4 c6 6. 0-0 b5 7. Bd3 0-0 8. a3 a6 9. Bg5 h6 10. Bh4 g5 11. Bg3 Nh5 12. d5 c5 13. Nc1 Nxg3 14. hxg3 Nd7 15. Qe1 Qb6 16. Nd1 Ne5 17. Be2 e6 18. dxe6 fxe6 19. Nd3 Nc6 20. c3 Ra7 21. Bh5 Re7 22. Ne3 Bb7 23. Ng4 a5 24. Rb1 b4 25. axb4 axb4 26. e5 d5 27. Kh2 Ba6 28. Rd1 bxc3 29. bxc3 c4 30. Nc1 Rf5 31. Bg6 Rxe5 32. Nxe5 Nxe5 33. Bh5 Bb5 34. f4 Nd7 35. Ne2 Nf6 36. Bf3 g4 37. Nd4 gxf3 38. Rb1 Ng4+ 39. Kh3 Bxd4 40. cxd4 fxg2 41. Kxg2 Qxd4 42. Kh3 Bd7 43. Kxg4 e5+ 44. Kf3 e4+ 45. Kg2 e3 46. Qb4 Qe4+ 47. Kg1 Bh3 48. Qb8+ Re8 0-1

[Event "CZE-chT2B 1516"]
[Site "Czech Republic"]
[Date "2015.11.08"]
[Round "2.6"]
[White "Novotny, Jaroslav"]
[Black "Duran, Tomas"]
[Result "1-0"]
[WhiteElo "2190"]
[BlackElo "2180"]
[PlyCount "81"]
[EventDate "2015.10.18"]
[EventType "team-tourn"]
[EventRounds "11"]
[EventCountry "CZE"]
[SourceTitle "EXT 2022"]
[Source "ChessBase"]
[SourceDate "2021.10.06"]
[SourceVersion "1"]
[SourceVersionDate "2021.10.06"]
[SourceQuality "1"]
[WhiteTeam "Jicin II"]
[BlackTeam "Turnov Zikuda II"]
[WhiteTeamCountry "CZE"]
[BlackTeamCountry "CZE"]

1. e4 d5 2. exd5 Qxd5 3. Nf3 Bg4 4. Be2 Nf6 5. 0-0 e6 6. d4 c6 7. c4 Qd6 8. Nc3 Nbd7 9. Be3 Qc7 10. h3 Bh5 11. d5 Bb4 12. dxe6 fxe6 13. Ng5 Bf7 14. Qc2 0-0 15. Rad1 Rfd8 16. Bd3 Nf8 17. Nce4 Bg6 18. Nc5 Bxd3 19. Rxd3 Qe7 20. Nce4 Rxd3 21. Qxd3 Rd8 22. Qb3 b6 23. Rd1 Rxd1+ 24. Qxd1 h6 25. Nxf6+ Qxf6 26. Qb3 Be7 27. Nf3 Qf5 28. Qd1 Qe4 29. b3 Bf6 30. Kh2 g5 31. Kg1 Kf7 32. Nh2 Kg6 33. Nf1 Be5 34. Qd8 Kf7 35. Qa8 Ng6 36. Qxa7+ Kf6 37. Qxb6 Nh4 38. Qd8+ Kf7 39. Qd7+ Kf6 40. f3 Qc2 41. Qd2 1-0

[Event "CZE-chT2B 1415"]
[Site "Czech Republic"]
[Date "2015.04.19"]
[Round "11.8"]
[White "Stolc, Martin"]
[Black "Duran, Tomas"]
[Result "0-1"]
[WhiteElo "2006"]
[BlackElo "2185"]
[PlyCount "41"]
[EventDate "2014.11.02"]
[EventType "team-tourn"]
[EventRounds "11"]
[EventCountry "CZE"]
[SourceTitle "EXT 2022"]
[Source "ChessBase"]
[SourceDate "2021.10.06"]
[SourceVersion "1"]
[SourceVersionDate "2021.10.06"]
[SourceQuality "1"]
[WhiteTeam "Jicin III"]
[BlackTeam "Turnov Zikuda II"]
[WhiteTeamCountry "CZE"]
[BlackTeamCountry "CZE"]

1. d4 d6 2. Nf3 g6 3. g3 Bg7 4. Bg2 Nf6 5. 0-0 0-0 6. Bg5 h6 7. Bxf6 Bxf6 8. c3 c6 9. Qb3 Qc7 10. Nbd2 e5 11. Ne4 Be7 12. d5 cxd5 13. Qxd5 Be6 14. Qd2 d5 15. Qxh6 dxe4 16. Nd2 Rd8 17. Nxe4 Nd7 18. h4 Bf5 19. f4 Qb6+ 20. Kh2 Bf8 21. Qxg6+ 0-1

[Event "CZE-chT2B 1415"]
[Site "Czech Republic"]
[Date "2015.02.22"]
[Round "8.6"]
[White "Duran, Tomas"]
[Black "Chrz, Pavel"]
[Result "1-0"]
[WhiteElo "2185"]
[BlackElo "2099"]
[PlyCount "53"]
[EventDate "2014.11.02"]
[EventType "team-tourn"]
[EventRounds "11"]
[EventCountry "CZE"]
[SourceTitle "EXT 2022"]
[Source "ChessBase"]
[SourceDate "2021.10.06"]
[SourceVersion "1"]
[SourceVersionDate "2021.10.06"]
[SourceQuality "1"]
[WhiteTeam "Turnov Zikuda II"]
[BlackTeam "Usti nad Labem"]
[WhiteTeamCountry "CZE"]
[BlackTeamCountry "CZE"]

1. e4 c5 2. Nf3 Nc6 3. Bb5 Nd4 4. Bc4 b5 5. Bd5 Rb8 6. c3 Nxf3+ 7. Qxf3 e6 8. Bb3 c4 9. Bc2 d5 10. d4 dxe4 11. Bxe4 Nf6 12. Bc6+ Bd7 13. a4 b4 14. Bf4 bxc3 15. bxc3 Rb6 16. Bxd7+ Nxd7 17. Nd2 e5 18. dxe5 Nxe5 19. Bxe5 Re6 20. Nxc4 f6 21. Rd1 Qc8 22. 0-0 fxe5 23. Qd5 Bc5 24. Nxe5 0-0 25. Nd7 Qc6 26. Nxc5 Qxd5 27. Rxd5 1-0

[Event "CZE-chT2B 1415"]
[Site "Czech Republic"]
[Date "2014.11.02"]
[Round "1.6"]
[White "Duran, Tomas"]
[Black "Kansky, Pavel"]
[Result "1-0"]
[WhiteElo "2185"]
[BlackElo "2094"]
[PlyCount "147"]
[EventDate "2014.11.02"]
[EventType "team-tourn"]
[EventRounds "11"]
[EventCountry "CZE"]
[SourceTitle "EXT 2022"]
[Source "ChessBase"]
[SourceDate "2021.10.06"]
[SourceVersion "1"]
[SourceVersionDate "2021.10.06"]
[SourceQuality "1"]
[WhiteTeam "Turnov Zikuda II"]
[BlackTeam "Decin"]
[WhiteTeamCountry "CZE"]
[BlackTeamCountry "CZE"]

1. e4 g6 2. d4 Bg7 3. Nc3 d6 4. Be3 Nf6 5. f3 c6 6. a4 0-0 7. Bc4 Qa5 8. Qd2 b5 9. Bb3 Nbd7 10. Nge2 Nb6 11. Bg5 Nc4 12. Qc1 Qb6 13. axb5 cxb5 14. Bxf6 Bxf6 15. Nd5 Qb7 16. Nxf6+ exf6 17. Qf4 f5 18. 0-0 Qe7 19. Nc3 g5 20. Nd5 Qd8 21. Qc1 f4 22. Rf2 Be6 23. Bxc4 bxc4 24. Nb4 Qb6 25. c3 a5 26. Nc2 f6 27. d5 Bd7 28. g3 fxg3 29. hxg3 Rf7 30. Kg2 Kh8 31. g4 Re8 32. Nd4 a4 33. Qf1 Qc7 34. Rd2 Qc8 35. Kg3 Rg8 36. Rh2 Rgg7 37. Qe2 Kg8 38. Rh6 Rg6 39. Rh5 Rgg7 40. Kg2 Re7 41. Kg3 Ref7 42. Nc2 Qb7 43. Ne3 Rf8 44. Rh2 Rc8 45. Nxc4 Rb8 46. Ne3 Re7 47. Qd3 Rf8 48. Qd4 Rff7 49. Nc4 Qc7 50. Nb6 Qa7 51. Rd2 h5 52. Nxd7 Qxd7 53. Qxa4 h4+ 54. Kh3 Qb7 55. Qc6 Rd7 56. b4 Rd8 57. Rda2 Rc7 58. Qxb7 Rxb7 59. Ra8 Rxa8 60. Rxa8+ Kf7 61. Ra6 Ke7 62. f4 gxf4 63. Kxh4 Kd7 64. Kh3 Rc7 65. Rc6 Ra7 66. Kg2 Ra1 67. Kf2 Rb1 68. Ra6 Rc1 69. Ra7+ Kd8 70. b5 Rc2+ 71. Kf3 Rxc3+ 72. Kxf4 Rb3 73. Kf5 Rxb5 74. Kxf6 1-0

[Event "CZE-chT1W 1314"]
[Site "Czech Republic"]
[Date "2014.04.13"]
[Round "11.8"]
[White "Fiala, Jaroslav"]
[Black "Duran, Tomas"]
[Result "1/2-1/2"]
[WhiteElo "2187"]
[BlackElo "2191"]
[PlyCount "86"]
[EventDate "2013.10.20"]
[EventType "team-tourn"]
[EventRounds "11"]
[EventCountry "CZE"]
[SourceTitle "EXT 2015"]
[Source "ChessBase"]
[SourceDate "2014.11.20"]
[SourceVersion "1"]
[SourceVersionDate "2014.11.20"]
[SourceQuality "1"]
[WhiteTeam "Jicin"]
[BlackTeam "Turnov Zikuda II"]
[WhiteTeamCountry "CZE"]
[BlackTeamCountry "CZE"]

1. Nf3 g6 2. g3 Bg7 3. d4 Nf6 4. Bg2 d6 5. 0-0 0-0 6. Nc3 c6 7. h3 Qc7 8. e4 Nbd7 9. a4 a5 10. Be3 h6 11. Qd2 Kh7 12. Rad1 Re8 13. Rfe1 e5 14. dxe5 dxe5 15. Qe2 Nb6 16. b3 Bf8 17. Nd2 Nh5 18. Na2 Ng7 19. Qf3 Be6 20. Nc1 Nd7 21. Bf1 Nc5 22. Nd3 Nxd3 23. Bxd3 Bb4 24. Kh2 Rad8 25. Rg1 Rd7 26. Nc4 Bxc4 27. Bxc4 Red8 28. Rxd7 Rxd7 29. Rd1 Rxd1 30. Qxd1 Ne8 31. Bd3 Qd8 32. Qg4 Kg7 33. Kg2 Nd6 34. h4 h5 35. Qe2 Nc8 36. Bc1 Bc5 37. Qd2 Kg8 38. Qg5 Qxg5 39. Bxg5 Kg7 40. Bd2 Bb4 41. Be3 f6 42. Kf3 Kf7 43. g4 hxg4+ 1/2-1/2

[Event "CZE-chT2B 1314"]
[Site "Czech Republic"]
[Date "2014.02.16"]
[Round "8.5"]
[White "Riha, Jaroslav"]
[Black "Duran, Tomas"]
[Result "1/2-1/2"]
[WhiteElo "2028"]
[BlackElo "2191"]
[PlyCount "138"]
[EventDate "2013.11.03"]
[EventType "team-tourn"]
[EventRounds "11"]
[EventCountry "CZE"]
[SourceTitle "EXT 2015"]
[Source "ChessBase"]
[SourceDate "2014.11.20"]
[SourceVersion "1"]
[SourceVersionDate "2014.11.20"]
[SourceQuality "1"]
[WhiteTeam "Usti nad Labem"]
[BlackTeam "Bakov nad Jizerou"]
[WhiteTeamCountry "CZE"]
[BlackTeamCountry "CZE"]

1. c4 Nf6 2. g3 g6 3. Bg2 Bg7 4. Nf3 d6 5. 0-0 0-0 6. Nc3 c6 7. d3 Nbd7 8. Rb1 a5 9. a3 e5 10. Nd2 Ne8 11. b4 axb4 12. axb4 Qc7 13. b5 Nc5 14. Nb3 Ne6 15. Qc2 Bd7 16. bxc6 bxc6 17. Bd2 f5 18. Ra1 Rxa1 19. Rxa1 Nf6 20. Ra6 d5 21. cxd5 cxd5 22. Qa2 e4 23. dxe4 fxe4 24. Na5 Qc5 25. Be1 Nc7 26. Nb3 Qc4 27. Ra7 Rb8 28. Nc1 Qxa2 29. N1xa2 Nb5 30. Nxb5 Bxb5 31. Nc3 Bc4 32. Rc7 Ne8 33. Rxc4 dxc4 34. Bxe4 Nd6 35. Bd5+ Kf8 36. Kg2 Rb3 37. Na4 Rb5 38. e4 Bd4 39. f4 Rb3 40. g4 Kg7 41. e5 Rb5 42. Be6 Ne4 43. Bxc4 Rb1 44. Ba5 Ra1 45. Bb5 g5 46. Kf3 Nf2 47. fxg5 Ra3+ 48. Kf4 Re3 49. Bc7 Rb3 50. Be8 Kf8 51. Bc6 Kg7 52. Bd6 Re3 53. Nc5 Nh3+ 54. Kf5 Bxc5 55. Bxc5 Rc3 56. Bg2 Rxc5 57. Bxh3 Rc2 58. Ke6 Kf8 59. Bf1 Rxh2 60. Bd3 Kg7 61. Bf5 Ra2 62. Ke7 Ra7+ 63. Bd7 Ra5 64. Kd6 Kg6 65. e6 Kxg5 66. e7 Ra8 67. Kc7 Rh8 68. e8R Rxe8 69. Bxe8 Kxg4 1/2-1/2

[Event "CZE-chT1W 1314"]
[Site "Czech Republic"]
[Date "2014.01.26"]
[Round "6.7"]
[White "Leite Oralova, Catarina"]
[Black "Duran, Tomas"]
[Result "1/2-1/2"]
[WhiteElo "2145"]
[BlackElo "2191"]
[PlyCount "102"]
[EventDate "2013.10.20"]
[EventType "team-tourn"]
[EventRounds "11"]
[EventCountry "CZE"]
[SourceTitle "EXT 2015"]
[Source "ChessBase"]
[SourceDate "2014.11.20"]
[SourceVersion "1"]
[SourceVersionDate "2014.11.20"]
[SourceQuality "1"]
[WhiteTeam "Lysa nad Labem II"]
[BlackTeam "Turnov Zikuda II"]
[WhiteTeamCountry "CZE"]
[BlackTeamCountry "CZE"]

1. e4 d6 2. d4 Nf6 3. Nc3 e5 4. dxe5 dxe5 5. Qxd8+ Kxd8 6. Nf3 Bd6 7. Bc4 Be6 8. Bb3 h6 9. h3 a6 10. Be3 Nbd7 11. 0-0-0 Kc8 12. Nh4 Bxb3 13. axb3 g6 14. g4 Nc5 15. f3 Ne6 16. Na4 Nd7 17. Ng2 Be7 18. Rd5 b5 19. Nc3 c6 20. Rd2 Kc7 21. Rhd1 Rad8 22. f4 exf4 23. Nxf4 Ndc5 24. Rxd8 Bxd8 25. Rf1 Nd7 26. Nxe6+ fxe6 27. Rf7 Bg5 28. Kd2 Rf8 29. Rxf8 Nxf8 30. Bxg5 hxg5 31. e5 Nd7 32. Ne4 Nxe5 33. Nxg5 Kd6 34. Ke3 Nd7 35. h4 Ke7 36. Ne4 e5 37. g5 Ke6 38. Ng3 Nc5 39. b4 Nb7 40. Kf3 c5 41. bxc5 Nxc5 42. b4 Nb7 43. Ne4 a5 44. bxa5 Nxa5 45. Kg4 Nc6 46. h5 gxh5+ 47. Kxh5 Kd5 48. Nc3+ Kc4 49. Ne2 Ne7 50. g6 Nxg6 51. Kxg6 b4 1/2-1/2